Mortal kombat : annihilation (Record no. 11318)
[ view plain ]
| 000 -LEADER | |
|---|---|
| fixed length control field | 01382cam a22003975a 4500 |
| 001 - CONTROL NUMBER | |
| control field | 16964240 |
| 003 - CONTROL NUMBER IDENTIFIER | |
| control field | PILC |
| 005 - DATE AND TIME OF LATEST TRANSACTION | |
| control field | 20160114124310.0 |
| 008 - FIXED-LENGTH DATA ELEMENTS--GENERAL INFORMATION | |
| fixed length control field | 110915s1997 nyu 000 1 eng d |
| 010 ## - LIBRARY OF CONGRESS CONTROL NUMBER | |
| LC control number | 2011487706 |
| 020 ## - INTERNATIONAL STANDARD BOOK NUMBER | |
| International Standard Book Number | 0812539338 (pbk.) |
| 020 ## - INTERNATIONAL STANDARD BOOK NUMBER | |
| International Standard Book Number | 9780812539332 (pbk.) |
| 035 ## - SYSTEM CONTROL NUMBER | |
| System control number | (OCoLC)ocm37959801 |
| 040 ## - CATALOGING SOURCE | |
| Original cataloging agency | OCO |
| Transcribing agency | OCO |
| Modifying agency | SVP |
| -- | OCL |
| -- | OCLCQ |
| -- | BAKER |
| -- | BTCTA |
| -- | YDXCP |
| -- | OCLCG |
| -- | DLC |
| 042 ## - AUTHENTICATION CODE | |
| Authentication code | lccopycat |
| 043 ## - GEOGRAPHIC AREA CODE | |
| Geographic area code | a-cc--- |
| 050 00 - LIBRARY OF CONGRESS CALL NUMBER | |
| Classification number | PZ 7 |
| Item number | .P924 1997 |
| 082 ## - DEWEY DECIMAL CLASSIFICATION NUMBER | |
| Classification number | FIC |
| Item number | P91m 1997 |
| 100 1# - MAIN ENTRY--PERSONAL NAME | |
| Personal name | Preisler, Jerome. |
| 9 (RLIN) | 19788 |
| 245 10 - TITLE STATEMENT | |
| Title | Mortal kombat : annihilation |
| Statement of responsibility, etc | Jerome Preisler ; based on a story by Lawrence Kasanoff & Joshua Wexler & John Tobias ; and the screenplay by Brent V. Friedman & Bryce Zabel. |
| 246 0# - VARYING FORM OF TITLE | |
| Title proper/short title | Annihilation |
| 260 ## - PUBLICATION, DISTRIBUTION, ETC. (IMPRINT) | |
| Place of publication, distribution, etc | New York : |
| Name of publisher, distributor, etc | Tom Doherty, |
| Date of publication, distribution, etc | c1997. |
| 300 ## - PHYSICAL DESCRIPTION | |
| Extent | 184 p. ; |
| Dimensions | 18 cm. |
| 651 #0 - SUBJECT ADDED ENTRY--GEOGRAPHIC NAME | |
| Geographic name | China |
| General subdivision | History |
| Chronological subdivision | Qi dynasty, 479-502 |
| Form subdivision | Fiction. |
| 9 (RLIN) | 19789 |
| 655 #7 - INDEX TERM--GENRE/FORM | |
| Genre/form data or focus term | Martial arts fiction. |
| Source of term | lcsh |
| 9 (RLIN) | 6551 |
| 655 #7 - INDEX TERM--GENRE/FORM | |
| Genre/form data or focus term | Fantastic fiction. |
| Source of term | gsafd |
| 9 (RLIN) | 4903 |
| 700 1# - ADDED ENTRY--PERSONAL NAME | |
| Personal name | Kasanoff, Lawrence. |
| 9 (RLIN) | 19790 |
| 700 1# - ADDED ENTRY--PERSONAL NAME | |
| Personal name | Wexler, Joshua. |
| 9 (RLIN) | 19791 |
| 700 1# - ADDED ENTRY--PERSONAL NAME | |
| Personal name | Tobias, John, |
| Dates associated with a name | 1927- |
| 9 (RLIN) | 19792 |
| 710 2# - ADDED ENTRY--CORPORATE NAME | |
| Corporate name or jurisdiction name as entry element | Copyright Paperback Collection (Library of Congress) |
| Institution to which field applies | DLC |
| 9 (RLIN) | 705 |
| 906 ## - LOCAL DATA ELEMENT F, LDF (RLIN) | |
| a | 0 |
| b | ibc |
| c | copycat |
| d | 2 |
| e | ncip |
| f | 20 |
| g | y-genrareb |
| 942 ## - ADDED ENTRY ELEMENTS (KOHA) | |
| Source of classification or shelving scheme | Library of Congress Classification |
| Koha item type | Books |
| Withdrawn status | Lost status | Source of classification or shelving scheme | Damaged status | Home library | Current library | Shelving location | Date acquired | Total Checkouts | Full call number | Barcode | Date last seen | Copy number | Price effective from | Koha item type |
|---|---|---|---|---|---|---|---|---|---|---|---|---|---|---|
| Library of Congress Classification | Luxembourg Library | Luxembourg Library | Fiction Section | 09/14/2013 | PZ 7 .P924 1997 | 11090 | 11/07/2015 | 1 | 09/14/2013 | Books | ||||
| Library of Congress Classification | Luxembourg Library | Luxembourg Library | Fiction Section | 09/16/2013 | PZ 7 .P924 1997 | 10120 | 05/25/2015 | 2 | 09/16/2013 | Books |